Criminal homicide in Uganda : (Record no. 11652)

MARC details
000 -LEADER
fixed length control field 02087nam a22004212 4500
001 - CONTROL NUMBER
control field 0000025352
005 - DATE AND TIME OF LATEST TRANSACTION
control field 20151217154520.0
008 - FIXED-LENGTH DATA ELEMENTS--GENERAL INFORMATION
fixed length control field 150723s xx 000 0 eng d
020 ## - INTERNATIONAL STANDARD BOOK NUMBER
International Standard Book Number 9966031044 :
040 ## - CATALOGING SOURCE
Original cataloging agency KABU
Transcribing agency KABU
100 1# - MAIN ENTRY--PERSONAL NAME
Personal name Mushanga, Mwene.
-- 0000183371
245 10 - TITLE STATEMENT
Title Criminal homicide in Uganda :
Remainder of title a sociological study of violent deaths in Ankole, Kigezi and Toro districts of western Uganda /
Statement of responsibility, etc. by Mwene mushanga; introduction by Marshall B. Clinard.
260 ## - PUBLICATION, DISTRIBUTION, ETC. (IMPRINT)
Place of publication, distribution, etc. Kampala :
Name of publisher, distributor, etc. Law africa,
Date of publication, distribution, etc. 2011.
300 ## - PHYSICAL DESCRIPTION
Extent xv, 261 p.
650 #0 - SUBJECT ADDED ENTRY--TOPICAL TERM
Topical term or geographic name as entry element Homicide
Geographic subdivision Uganda.
-- 0000185994
700 1# - ADDED ENTRY--PERSONAL NAME
Personal name Clinard, Marshall B.
-- 0000185995
852 1# - LOCATION
-- p3000 KES
852 1# - LOCATION
-- p3000 KES
852 1# - LOCATION
-- p3000 KES
852 1# - LOCATION
-- p3000 KES
852 1# - LOCATION
-- p3000 KES
852 1# - LOCATION
-- p3000 KES
852 1# - LOCATION
-- p3000 KES
852 1# - LOCATION
-- p3000 KES
852 1# - LOCATION
-- p3000 KES
852 1# - LOCATION
-- p3000 KES
852 1# - LOCATION
-- p3000 KES
852 1# - LOCATION
-- p3000 KES
852 1# - LOCATION
-- p3000 KES
852 1# - LOCATION
-- p3000 KES
852 1# - LOCATION
-- p3000 KES
852 1# - LOCATION
-- p3000 KES
852 1# - LOCATION
-- p3000 KES
852 1# - LOCATION
-- p3000 KES
852 1# - LOCATION
-- p3000 KES
908 ## - PUT COMMAND PARAMETER (RLIN)
Put command parameter 150723
950 ## - LOCAL HOLDINGS (RLIN)
-- 1
Holdings
Withdrawn status Lost status Source of classification or shelving scheme Not for loan Home library Current library Date acquired Total Checkouts Full call number Barcode Date last seen Price effective from Koha item type
    Library of Congress Classification   Kabarak, Main Campus Kabarak, Main Campus 17/12/2015   HV6535 .U5M87 2011 c. 2 018755 17/12/2015 17/12/2015 General Collection
    Library of Congress Classification   Kabarak, Main Campus Kabarak, Main Campus 17/12/2015   HV6535 .U5M87 2011 c. 3 018774 17/12/2015 17/12/2015 General Collection
    Library of Congress Classification   Kabarak, Main Campus Kabarak, Main Campus 17/12/2015   HV6535 .U5M87 2011 c. 4 018767 17/12/2015 17/12/2015 General Collection
    Library of Congress Classification   Kabarak, Main Campus Kabarak, Main Campus 17/12/2015   HV6535 .U5M87 2011 c. 5 018763 17/12/2015 17/12/2015 General Collection
    Library of Congress Classification   Kabarak, Main Campus Kabarak, Main Campus 17/12/2015   HV6535 .U5M87 2011 c. 6 018768 17/12/2015 17/12/2015 General Collection
    Library of Congress Classification   Kabarak, Main Campus Kabarak, Main Campus 17/12/2015   HV6535 .U5M87 2011 c. 7 018760 17/12/2015 17/12/2015 General Collection
    Library of Congress Classification   Kabarak, Main Campus Kabarak, Main Campus 17/12/2015   HV6535 .U5M87 2011 c. 8 018757 17/12/2015 17/12/2015 General Collection
    Library of Congress Classification   Kabarak, Main Campus Kabarak, Main Campus 17/12/2015   HV6535 .U5M87 2011 c. 9 018771 17/12/2015 17/12/2015 General Collection
    Library of Congress Classification   Kabarak, Main Campus Kabarak, Main Campus 17/12/2015   HV6535 .U5M87 2011 c. 10 018772 17/12/2015 17/12/2015 General Collection
    Library of Congress Classification   Kabarak, Main Campus Kabarak, Main Campus 17/12/2015   HV6535 .U5M87 2011 c. 11 018759 17/12/2015 17/12/2015 General Collection
    Library of Congress Classification   Kabarak, Main Campus Kabarak, Main Campus 17/12/2015   HV6535 .U5M87 2011 c. 12 018765 17/12/2015 17/12/2015 General Collection
    Library of Congress Classification   Kabarak, Main Campus Kabarak, Main Campus 17/12/2015   HV6535 .U5M87 2011 c. 13 018764 17/12/2015 17/12/2015 General Collection
    Library of Congress Classification   Kabarak, Main Campus Kabarak, Main Campus 17/12/2015   HV6535 .U5M87 2011 c. 14 018766 17/12/2015 17/12/2015 General Collection
    Library of Congress Classification   Kabarak, Main Campus Kabarak, Main Campus 17/12/2015   HV6535 .U5M87 2011 c. 15 018769 17/12/2015 17/12/2015 General Collection
    Library of Congress Classification   Kabarak, Main Campus Kabarak, Main Campus 17/12/2015   HV6535 .U5M87 2011 c. 16 018762 17/12/2015 17/12/2015 General Collection
    Library of Congress Classification   Kabarak, Main Campus Kabarak, Main Campus 17/12/2015   HV6535 .U5M87 2011 c. 17 018773 17/12/2015 17/12/2015 General Collection
    Library of Congress Classification   Kabarak, Main Campus Kabarak, Main Campus 17/12/2015   HV6535 .U5M87 2011 c. 18 018756 17/12/2015 17/12/2015 General Collection
    Library of Congress Classification   Kabarak, Main Campus Kabarak, Main Campus 17/12/2015   HV6535 .U5M87 2011 c. 19 018761 17/12/2015 17/12/2015 General Collection
    Library of Congress Classification   Kabarak, Main Campus Kabarak, Main Campus 17/12/2015   HV6535 .U5M87 2011 c. 20 018758 17/12/2015 17/12/2015 General Collection
    Library of Congress Classification   Kabarak, Main Campus Kabarak, Main Campus 17/12/2015   HV6535 .U5M87 2011 c. 1 018770 17/12/2015 17/12/2015 Africana Collection
Designed with assistance from East African Informatics Ltd